000 00339nam a2200097Ia 4500
082 _a616.89008034 APPI
245 0 _aMad, bad and sad : a history of women and the mind doctors from 1800 to the present
100 _a APPIGNANESI, Lisa London, 2009 Pbk. ed
_994836
942 _cBK
008 210817s9999 xx 000 0 und d
999 _c389698
_d389697